Thermal environmental engineering (Record no. 13003)

000 -LEADER
fixed length control field 00498nam a2200193 4500
001 - CONTROL NUMBER
control field 13003
003 - CONTROL NUMBER IDENTIFIER
control field BD-DhUET
008 - FIXED-LENGTH DATA ELEMENTS--GENERAL INFORMATION
fixed length control field 700513s1970 njuad b 001 0 eng
020 ## - INTERNATIONAL STANDARD BOOK NUMBER
International Standard Book Number 139147217
040 ## - CATALOGING SOURCE
Original cataloging agency DLC
Transcribing agency DLC
Modifying agency BD-DhUET
082 ## - DEWEY DECIMAL CLASSIFICATION NUMBER
Classification number 697.93
Item number THR/1970
100 1# - MAIN ENTRY--PERSONAL NAME
Personal name Threlkeld, James L.
245 10 - TITLE STATEMENT
Title Thermal environmental engineering
250 ## - EDITION STATEMENT
Edition statement 2nd ed.
260 ## - PUBLICATION, DISTRIBUTION, ETC. (IMPRINT)
Place of publication, distribution, etc. New Jersey
Name of publisher, distributor, etc. Prentice-Hall
Date of publication, distribution, etc. 1970
300 ## - PHYSICAL DESCRIPTION
Extent xvi, 495 p.
Other physical details illus.
Dimensions 25 cm.
650 #0 - SUBJECT ADDED ENTRY--TOPICAL TERM
Topical term or geographic name as entry element Air Conditioning
942 ## - ADDED ENTRY ELEMENTS (KOHA)
Koha item type General Book
Holdings
Damaged status Date acquired Source of classification or shelving scheme Koha full call number Koha item type Withdrawn status Price effective from Copy number Koha date last seen Shelving location Piece designation (barcode) Location (home branch) Koha normalized classification for sorting Lost status Not for loan Sublocation or collection (holding branch)
 2015-02-28 697.93/THR/1970General Book 2015-02-2812015-02-28Circulation section47970Central Library, BUET697_930000000000000_THR_1970  Central Library, BUET
 2015-02-28 697.93/THR/1970General Book 2015-02-2822015-02-28Circulation section55662Central Library, BUET697_930000000000000_THR_1970  Central Library, BUET
 2015-05-17 697.93/THR/1970General Book 2015-05-1732015-05-17Circulation section17689Central Library, BUET697_930000000000000_THR_1970  Central Library, BUET
 2015-05-17 697.93/THR/1970General Book 2015-05-1742015-05-17Circulation section17690Central Library, BUET697_930000000000000_THR_1970  Central Library, BUET
 2015-05-17 697.93/THR/1970General Book 2015-05-1752015-05-17Circulation section17691Central Library, BUET697_930000000000000_THR_1970  Central Library, BUET
 2015-05-17 697.93/THR/1970General Book 2015-05-1762015-05-17Circulation section17692Central Library, BUET697_930000000000000_THR_1970  Central Library, BUET
 2015-05-17 697.93/THR/1970General Book 2015-05-1772015-05-17Circulation section17693Central Library, BUET697_930000000000000_THR_1970  Central Library, BUET
 2015-05-17 697.93/THR/1970General Book 2015-05-1782015-05-17Circulation section19442Central Library, BUET697_930000000000000_THR_1970  Central Library, BUET
 2015-05-17 697.93/THR/1970General Book 2015-05-1792015-05-17Circulation section25333Central Library, BUET697_930000000000000_THR_1970  Central Library, BUET
 2015-05-17 697.93/THR/1970General Book 2015-05-17102015-05-17Circulation section25334Central Library, BUET697_930000000000000_THR_1970  Central Library, BUET